Central Library OPAC University of Rajshahi
Normal view MARC view

Entry Topical Term

Number of records used in: 1

001 - CONTROL NUMBER

  • control field: 1592

003 - CONTROL NUMBER IDENTIFIER

  • control field: BD-RjUL

005 - DATE AND TIME OF LATEST TRANSACTION

  • control field: 20220227105215.0

008 - FIXED-LENGTH DATA ELEMENTS

  • fixed length control field: 220227|| aca||aabn | a|a d

040 ## - CATALOGING SOURCE

  • Original cataloging agency: BD-RjUL
  • Transcribing agency: BD-RjUL

150 ## - HEADING--TOPICAL TERM

  • Topical term or geographic name entry element: Economic Efficiency
  • Form subdivision: Socioeconomic region
  • General subdivision: Labor Economics

670 ## - SOURCE DATA FOUND

  • Source citation: Work cat.: (BD-RjUL)79460: Chowdhury, Mir Khaled Iqbal 1591, Technical , Allocative and Economic Efficiency of Rice Farms in Bangladesh /, 2007